| 000 | 00817nam a2200229 i 4500 | ||
|---|---|---|---|
| 001 | 187675 | ||
| 003 | ES-MaACL | ||
| 005 | 20230906223013.0 | ||
| 008 | 180115s1924 fr |||| | fre d | ||
| 080 | _a821.133.1-31"19" | ||
| 100 | 1 |
_aMerezhkovsky, Dmitry Sergeyevich. _980486 |
|
| 245 | 1 | 3 |
_aLa naissance des dieux _b: Toutankhamon en Crète / _cDmitry Merejkowsky ; traduit du russe par M. Dumesnil de Gramont. |
| 250 | _a13e éd. | ||
| 260 |
_aParis : _bCalmann-Lévy, _c1924. |
||
| 300 |
_a263 p. ; _c19 cm. |
||
| 490 | 1 | _aCollection nouvelle | |
| 700 | 1 |
_aDumesnil de Gramont, Michel. _946000 |
|
| 740 | 0 | _aToutankhamon en Crète. | |
| 830 | 0 |
_aCollection nouvelle _9192812 |
|
| 852 |
_aES-MaACL _jL-31846 _z. - Donat. herederos de la bibl. de Mª del Pilar Costa Palacín |
||
| 999 |
_c187675 _d187675 |
||